Welcome to CU Library Online Public Access Catalogue (OPAC)

Current directions in personality psychology / (Record no. 7381)

MARC details
000 -LEADER
fixed length control field 00658cam a2200205 a 4500
001 - CONTROL NUMBER
control field 13858926
005 - DATE AND TIME OF LATEST TRANSACTION
control field 20250826140000.0
008 - FIXED-LENGTH DATA ELEMENTS--GENERAL INFORMATION
fixed length control field 050202s2005 njua b 000 0 eng d
020 ## - INTERNATIONAL STANDARD BOOK NUMBER
International Standard Book Number 013191989X
Qualifying information pbk.
050 00 - LIBRARY OF CONGRESS CALL NUMBER
Classification number BF698
Item number .C83 2005
082 04 - DEWEY DECIMAL CLASSIFICATION NUMBER
Classification number 155.2
Edition information 22
245 00 - TITLE STATEMENT
Title Current directions in personality psychology /
Statement of responsibility, etc. edited by Carolyn C. Morf and Ozlem Ayduk.
260 ## - PUBLICATION, DISTRIBUTION, ETC.
Place of publication, distribution, etc. Upper Saddle River, N.J. :
Name of publisher, distributor, etc. Pearson/Prentice Hall,
Date of publication, distribution, etc. c2005.
300 ## - PHYSICAL DESCRIPTION
Extent v, 213 p. :
Other physical details ill. ;
Dimensions 23 cm.
440 #0 - SERIES STATEMENT/ADDED ENTRY--TITLE
Title Readings from the American Psychological Society
650 #0 - SUBJECT ADDED ENTRY--TOPICAL TERM
Topical term or geographic name entry element Personality.
700 1# - ADDED ENTRY--PERSONAL NAME
Personal name Morf, Carolyn C.
700 1# - ADDED ENTRY--PERSONAL NAME
Personal name Ayduk, Ozlem.
942 ## - ADDED ENTRY ELEMENTS (KOHA)
Source of classification or shelving scheme Library of Congress Classification
Koha item type Books
Suppress in OPAC No
999 ## -
-- 7381
-- 7381
Holdings
Withdrawn status Lost status Source of classification or shelving scheme Damaged status Not for loan Collection Home library Current library Shelving location Date acquired Total checkouts Full call number Barcode Date last seen Copy number Price effective from Koha item type
    Library of Congress Classification     Non-fiction Undergraduate Library (Christ Temple) Undergraduate Library (Christ Temple) General stacks 08/26/2025   BF 698.C83 CUR ulct00004492 08/26/2025 1 08/26/2025 Books
© 2023-2024 Copyright: Central University Libraries. All Rights Reserved | Created by: Mahone Tech Office